000 nam a22 7a 4500
999 _c18042
_d18040
001 22507
003 OSt
005 20211214100422.0
008 211214b xxu||||| |||| 00| 0 eng d
020 _a716202808
040 _cDDC
082 _aR/230.7 DAV
100 _4Rupert E. Davies
245 _aMethodism
_cRupert E. Davies
260 _aLondon
_bEpworth Press
_c1985
300 _a196 P, :
_c22 cm
942 _2ddc
_cBK